Tính toán dự án đầu tư (Kinh tế kỹ thuật)

Wedi'i Gadw mewn:
Manylion Llyfryddiaeth
Prif Awdur: Đặng Minh Trang
Fformat: Llyfr
Iaith:Undetermined
Cyhoeddwyd: H. Giáo Dục 2002
Pynciau:
Tagiau: Ychwanegu Tag
Dim Tagiau, Byddwch y cyntaf i dagio'r cofnod hwn!
Thư viện lưu trữ: Trung tâm Học liệu Trường Đại học Cần Thơ
LEADER 00580nam a2200181Ia 4500
001 CTU_51001
008 210402s9999 xx 000 0 und d
082 |a 658.152 
082 |b Tr106 
100 |a Đặng Minh Trang 
245 0 |a Tính toán dự án đầu tư (Kinh tế kỹ thuật) 
245 0 |c Đặng Minh Trang 
260 |a H. 
260 |b Giáo Dục 
260 |c 2002 
650 |a managerial economics,engineering economy,capital investments,business enterprises 
650 |x finance 
980 |a Trung tâm Học liệu Trường Đại học Cần Thơ